The butterflies of Indiana /

Bibliographic Details
Main Author: Shull, Ernest M.
Format: Book
Language:English
Published: Indianapolis : Indiana Academy of Science ; [1987]
Subjects:

MARC

Tag First Indicator Second Indicator Subfields
LEADER 00000cam a2200000 a 4500
001 in00000006902
005 20151004060021.0
008 861215s1987 inua b 00110 eng
010 |a  86046216  
020 |a 0253312922 
035 |a (OCoLC)15053071 
035 |9 AAA1358AM 
040 |a DLC  |c DLC  |d TXA  |d UtOrBLW 
043 |a n-us-in 
049 |a TXAM  |c [A12630410] 
050 0 0 |a QL551.I6  |b S58 1987 
082 0 |a 595.78/90954  |2 19 
100 1 |a Shull, Ernest M. 
245 1 4 |a The butterflies of Indiana /  |c Ernest M. Shull. 
264 1 |a Indianapolis :  |b Indiana Academy of Science ;  |c [1987] 
264 2 |a Bloomington :  |b Distributed by Indiana University Press, 
264 4 |c ©1987 
300 |a viii, 262 pages :  |b illustrations (some color) ;  |c 25 cm. 
336 |a text  |b txt  |2 rdacontent 
337 |a unmediated  |b n  |2 rdamedia 
338 |a volume  |b nc  |2 rdacarrier 
504 |a Bibliography: pages [252]-255. 
500 |a Includes indexes. 
650 0 |a Butterflies  |z Indiana  |x Identification. 
650 0 |a Butterflies  |z Indiana. 
650 0 |a Insects  |v Identification. 
650 0 |a Insects  |z Indiana  |x Identification. 
999 |a MARS 
999 f f |s ecfb1733-b35c-354b-b001-fcb700e8c3fe  |i 03ec1b87-fb67-3489-9f7a-a3b191d500cc  |t 0 
952 f f |p ric  |a Texas A&M University  |b Rellis Campus  |c Joint Library Facility  |d Remote Storage  |t 0  |e QL551.I6 S58 1987  |h Library of Congress classification  |i unmediated -- volume  |m A14812630410 
998 f f |a QL551.I6 S58 1987  |t 0  |l Remote Storage